Every drag race title holder - Statistics

General Stats
  • This quiz has been taken 49 times
  • The average score is 34 of 38
Answer Stats
Season Answer % Correct
5 Jinkx Monsoon
97%
AS2 Alaska
95%
10 Aquaria
95%
8 Bob the Drag Queen
95%
4 Sharon Needles
95%
AS3 Trixie Mattel
95%
14 Willow Pill
95%
1 Bebe Zahara Benet
92%
6 Bianca del Rio
92%
12 Jaida Essence Hall
92%
13 Lala Ri
92%
AS4 Monet X Change
92%
13 Symone
92%
AS4 Trinity the Tuck
92%
2 Tyra Sanchez
92%
11 Yvie Oddly
92%
AS1 Chad Michaels
90%
5 Ivy Winters
90%
AS6 Kylie Sonique Love
90%
4 Latrice Royale
90%
3 Raja
90%
15 Sasha Colby
90%
7 Violet Chachki
90%
1 Nina Flowers
87%
11 Nina West
87%
9 Sasha Velour
87%
9 Valentina
87%
8 Cynthia Lee Fontaine
85%
12 Heidi N Closet
85%
7 Katya
85%
14 Kornbread "The Snack" Jete
85%
6 BenDeLaCreme
82%
2 Pandora Boxx
82%
AS5 Shea Coulee
82%
14 Maddy Morphosis
79%
15 Salina Estitties
79%
3 Yara Sofia
77%
15 Malaysia Babydoll Foxx
74%
No matching quizzes found
Score Distribution
Percent of People with Each Score
Percentile by Number Answered
Your Score History
You have not taken this quiz